01121nam a22003257a 4500003000500000005001700005008004100022010001000063011001000073035001000083040000900093082001600102110007100118245006100189260002600250300001100276490004400287590004100331590004100372590004100413590004200454650002400496710000900520830005100529901000700580942001000587949005500597999001700652952012600669CHAP20220817041807.0971013s1970 r 00010 d a24643 a25615 a29715 cCHAP a615.329bC6 aComité Mixto FAO/OMS de Expertos en Aditivos Alimentarios925891 aNormas de identidad y pureza para algunos antibióticos aGinebra :bFAO,c1970 a136 p. aFAO. Reuniones sobre nutriciónv; 45A aBATCH-UPDb10c20130110lUCH01h1613 aBATCH-UPDb10c20130410lUCH01h1008 aBATCH-UPDb10c20130914lUCH01h1351 aCONVERSIONb10c20130109lUCH01h131414aAntibioticos.960460 aFAO.0 aFAO. Reuniones sobre nutriciónv; 45A939679 aBK cLIBRO a615.329 C6bBCcFAOd-68692eFAO1h60053i29715si c24643d24643 00104053708FAOaBCbBCcPP_FAOd2019-12-31fLIBROi127l0o615.329 C6p-68692r2019-12-31 00:00:00w2019-12-31yLIBRO